000 00410nam a2200169Ia 4500
008 221030s9999 xx 000 0 und d
020 _a8185749140
041 _aEnglish
082 _a105.23
100 _aJ. B. Gupta
245 2 _aA Course in Electrical Technology ( Electrical MAchines) Vol.II
250 _a12th
260 _bS. K. Kataria
_aDelhi
_c2008
300 _a745
650 _aEE
942 _cBK
999 _c5436
_d5436